Natural Minecraft Sheep colors - Statistics

General Stats
  • This quiz has been taken 83 times
  • The average score is 5 of 5
Answer Stats
Answer % Correct
White
98%
Gray
97%
Black
94%
Pink
94%
Brown
91%
No matching quizzes found
Score Distribution
Percent of People with Each Score
Percentile by Number Answered
Your Score History
You have not taken this quiz